000 00319nam a2200121Ia 4500
008 220204s9999 xx 000 0 und d
082 _a631.3:621
_bWAK
100 _aWAKEMAN, T J
245 0 _aModern agricultural mechanics
260 _aIllinois
_bInterstate Pub
_c1977
650 _aAgricultural mechanics
942 _cBK
999 _c36407
_d36407